| 000 | 00702nam a2200301Ia 4500 | ||
|---|---|---|---|
| 001 | Z_2987 | ||
| 003 | CHAP | ||
| 008 | 220113s1995 xx 000 0 und d | ||
| 010 | _a166074 | ||
| 040 | _cCHAP | ||
| 082 | _a636.08 M8 | ||
| 100 |
_aMuller, Héctor V _979434 |
||
| 245 |
_aGuía del productor agropecuario / _cpor Héctor V Muller |
||
| 260 |
_aBuenos Aires : _bHemisferio Sur, _c1995 |
||
| 300 | _a431 p. | ||
| 440 | _a | ||
| 500 | _a | ||
| 503 | _aC/E | ||
| 650 |
_aAgricultura _91172 |
||
| 650 |
_aGanadería _944604 |
||
| 650 |
_aProducción agropecuaria _9140129 |
||
| 901 | _a636.08 M8 | ||
| 902 | _aA | ||
| 910 | _a1995 | ||
| 942 | _c1 | ||
| 942 | _cc1 | ||
| 999 |
_c166074 _d166074 |
||